|
|
|
|
| LEADER |
00857nab a2200229 i 4500 |
| 001 |
misc61308 |
| 005 |
20231024155759.0 |
| 008 |
230731s1959 hu o 0|| ger d |
| 040 |
|
|
|a SZTE Miscellanea Repozitórium
|b hun
|
| 041 |
|
|
|a ger
|
| 100 |
1 |
|
|a Spuler Bertold
|
| 245 |
1 |
4 |
|a The encyclopaedia of Islam, new ed., Bd 1. Leiden
|h [elektronikus dokumentum] :
|b Buchbesprechung /
|c Spuler Bertold
|
| 260 |
|
|
|a [De Gruyter]
|b [Berlin]
|c 1959
|
| 300 |
|
|
|a 240-243
|c 24 cm
|
| 300 |
|
|
|a [4] p.
|c 24 cm
|
| 490 |
0 |
|
|a Der Islam : Zeitschrift für Geschichte und Kultur des islamischen Orients
|
| 561 |
|
|
|a Németh Gyula hagyaték
|
| 591 |
|
|
|a NOV 5712
|
| 650 |
|
4 |
|a Bölcsészettudományok
|
| 650 |
|
4 |
|a Filozófia, etika és vallástudományok
|
| 695 |
|
|
|a Iszlám - könyvismertetés
|
| 856 |
4 |
0 |
|u http://misc.bibl.u-szeged.hu/61308/1/5712_nov.pdf
|z Dokumentum-elérés
|